Štatistická ročenka z oblasti práce, sociálnych vecí a rodiny ...

Podrobná bibliografia
Médium: Seriál
Jazyk:slovenčina
Fyzický popis:4 zv. 30 cm
Vydavateľské údaje: Bratislava Ministerstvo práce, sociálnych vecí a rodiny Slovenskej republiky [1999-2002]
Predmet:

MARC

LEADER 00000cas a2200000 a 4500
001 vtls008424336
003 SK-MaSNL
005 20260425194117.0
008 060116d19992002xo ar| s 0|0 b0slo
040 |a SNSLP  |b slo  |c SNSLP  |d SNK  |e AACR2 
041 0 |a slo 
043 |a e-xo--- 
044 |a xo  |c SK 
072 7 |a 311  |x Štatistika  |2 konspekt 
072 7 |a 364  |x Sociálne problémy vyžadujúce podporu a pomoc. Sociálne zabezpečenie  |2 konspekt 
072 7 |a 364-1/-7  |x Druhy sociálnej pomoci a služieb  |2 konspekt 
072 7 |a 331  |x Práca  |2 konspekt 
072 7 |a 316.8  |x Manželstvo a rodina. Sexuálne vzťahy  |2 konspekt 
080 |a 311  |2 2011 
080 |a 364  |2 2011 
080 |a 364-787.2  |2 2011 
080 |a 331  |2 2011 
080 |a 316.356.2  |2 2011 
080 |a (058)  |2 2011 
080 |a (437.6)  |2 2011 
245 0 0 |a Štatistická ročenka z oblasti práce, sociálnych vecí a rodiny ... 
260 |a Bratislava  |b Ministerstvo práce, sociálnych vecí a rodiny Slovenskej republiky  |c [1999-2002] 
300 |a 4 zv.  |c 30 cm 
310 |a 1x ročne 
362 0 |a 1998-2001 
500 |a Súčasťou názvu je označenie bežného roku 
650 0 7 |a štatistika  |2 SNKPH  |9 778 
650 0 7 |a sociálne zabezpečenie  |2 SNKPH  |9 3720 
650 0 7 |a sociálna pomoc  |2 SNKPH  |9 3736 
650 0 7 |a práca  |2 SNKPH  |9 2337 
650 0 7 |a rodina  |2 SNKPH  |9 4138 
650 0 7 |a Statistics  |2 SNKPHeng  |9 266405 
650 0 7 |a Social security  |2 SNKPHeng  |9 267889 
650 0 7 |a Social support  |2 SNKPHeng  |9 267886 
650 0 7 |a Labor  |2 SNKPHeng  |9 267651 
650 0 7 |a Family  |2 SNKPHeng  |9 267890 
651 7 |a Slovensko  |2 SNKPHgeo  |9 14231 
651 7 |a Slovakia  |2 SNKPHeng  |9 92630 
655 7 |a ročenky  |2 SNKPH  |9 57146 
655 7 |a Yearbooks  |2 SNKPHeng  |9 120938 
910 |a snslp 
910 |a snk 
999 |c 4189  |d 6119 
952 |a SNK  |b SNK  |y PREZ  |7 0  |p 17A0378643  |o snkČSB 5149/2000  |i snkKSP 4366/2003  |0 0  |1 0  |4 0  |d 2003-03-18  |l 0  |r 2005-01-02 00:00:00  |w 2026-02-21 
952 |a SNK  |b SNK  |y PREZ  |7 0  |p 17A0378644  |o snkČSB 5149/2000 D1  |i snkKSP 4367/2003  |0 0  |1 0  |4 0  |d 2003-03-18  |l 0  |r 2005-01-02 00:00:00  |w 2026-02-21 
952 |a SNK  |b SNK  |y PREZ  |7 0  |p 17A0582341  |o snkČSB 5149/1998  |i snk2009/496  |8 1  |0 0  |1 0  |4 0  |d 2009-01-21  |l 0  |r 2026-02-21 21:30:07  |w 2026-02-21 
952 |a SNK  |b SNK  |y PREZ  |7 0  |p 17A0334134  |o snkČSB 5149/1999  |i snkKSP 2158/2002  |0 0  |1 0  |4 0  |d 2009-01-20  |l 0  |r 2026-02-21 21:30:08  |w 2026-02-21